000
00334nam a2200145Ia 4500
008
150201s1971 xx 000 0 und d
082
_a
616.07
_b
A1971A
100
_a
ANDERSON,W.A.D.
245
_a
ANDERSON PATHOLOGY
250
_a
6TH
260
_b
MOSBY
_a
DELHI
_c
1971
300
_a
875-1862
650
_a
PATHOLOGY
942
_2
ddc
_c
BK
999
_c
3284
_d
3284